书目信息 |
| 题名: |
罗斯福
|
|
| 作者: | 李乡状 编著 | |
| 分册: | ||
| 出版信息: | 长春 吉林大学出版社 2018重印 |
|
| 页数: | 391页 | |
| 开本: | 24cm | |
| 丛书名: | ||
| 单 册: | ||
| 中图分类: | K837.127=52 | |
| 科图分类: | ||
| 主题词: | 政治人物--Zheng Zhi Ren Wu--生平事迹 | |
| 电子资源: | ||
| ISBN: | 978-7-5601-4679-9 | |
| 000 | 00946nam0 2200265 45 | |
| 001 | 012001011010 | |
| 005 | 20140104165622.0 | |
| 010 | @a978-7-5601-4679-9@dCNY58.00 | |
| 092 | @aCN@bCEPC093801-1479 | |
| 099 | @aCAL 012010006313 | |
| 100 | @a20100112d2009 ekmy0chiy50 ea | |
| 101 | 0 | @achi |
| 102 | @aCN@b220000 | |
| 105 | @aac z 000yy | |
| 106 | @ar | |
| 200 | 1 | @a罗斯福@ALuo Si Fu@f李乡状等编著@zeng |
| 210 | @a长春@c吉林大学出版社@d2018重印 | |
| 215 | @a391页@c图, 肖像@d24cm | |
| 330 | @a本书主要内容包括哈得孙河畔的俊秀少年、我的天地,我的梦想、从政前的心灵漫步、波涛宦海初扬帆、厄运降临后的强者风范、攻击与赞誉、努力改变美英关系等。 | |
| 600 | 0 | @a罗斯福@ALuo Si Fu@g(Roosevelt, Franklin Delano),@f1882-1945@x生平事迹 |
| 606 | 0 | @a政治人物@AZheng Zhi Ren Wu@x生平事迹 |
| 690 | @aK837.127=52@v4 | |
| 701 | 0 | @a李乡状@ALi Xiang Zhuang@4编著 |
| 801 | 2 | @aCN@b上海新华@c20191020 |
| 905 | @b1137607-10@dK837.127=52@e1111@f4 | |
| 罗斯福/李乡状等编著.-长春:吉林大学出版社,2018重印 |
| 391页:图, 肖像;24cm |
| ISBN 978-7-5601-4679-9:CNY58.00 |
| 本书主要内容包括哈得孙河畔的俊秀少年、我的天地,我的梦想、从政前的心灵漫步、波涛宦海初扬帆、厄运降临后的强者风范、攻击与赞誉、努力改变美英关系等。 |
| ● |
| 相关链接 |
|
|
|
|
正题名:罗斯福
索取号:K837.127=52/1111
 
预约/预借
| 序号 | 登录号 | 条形码 | 馆藏地/架位号 | 状态 | 备注 |
| 1 | 1137607 | 211376072 | 第二样本阅览室/ [索取号:K837.127=52/1111] | 在馆 | |
| 2 | 1137608 | 211376081 | 第二借阅区/ [索取号:K837.127=52/1111] | 在馆 | |
| 3 | 1137609 | 211376090 | 第二借阅区/ [索取号:K837.127=52/1111] | 在馆 | |
| 4 | 1137610 | 211376107 | 第二借阅区/ [索取号:K837.127=52/1111] | 在馆 |